[Event "EYCC 2024 - G18"]
[Site "?"]
[Date "2024.08.26"]
[Round "5.10"]
[White "Bargan, Victoria"]
[Black "Skakun, Kateryna"]
[Result "1/2-1/2"]
[BlackElo "1854"]
[WhiteElo "1977"]
[LiveChessVersion "1.4.8"]

1. d4 {[%clk 1:30:59]} Nf6 {[%clk 1:30:51]} 2. c4 {[%clk 1:31:26]} g6
{[%clk 1:31:13]} 3. Nc3 {[%clk 1:31:52]} Bg7 {[%clk 1:31:29]} 4. e4
{[%clk 1:32:20]} d6 {[%clk 1:31:45]} 5. Be2 {[%clk 1:32:47]} O-O {[%clk 1:32:04]}
6. Be3 {[%clk 1:33:14]} c5 {[%clk 1:30:17]} 7. e5 {[%clk 1:33:23]} Ne8
{[%clk 1:28:29]} 8. exd6 {[%clk 1:26:57]} exd6 {[%clk 1:24:57]} 9. d5
{[%clk 1:22:15]} f5 {[%clk 1:16:50]} 10. Qd2 {[%clk 1:21:14]} Qf6
{[%clk 1:09:31]} 11. g3 {[%clk 1:16:56]} Nd7 {[%clk 1:07:28]} 12. Nf3
{[%clk 1:09:47]} Ne5 {[%clk 1:05:17]} 13. Nxe5 {[%clk 1:05:18]} Qxe5
{[%clk 1:05:32]} 14. O-O {[%clk 1:05:12]} Qe7 {[%clk 1:01:49]} 15. Rfe1
{[%clk 1:03:58]} Nf6 {[%clk 0:59:26]} 16. Bg5 {[%clk 1:03:19]} Qf7
{[%clk 0:57:53]} 17. Qf4 {[%clk 0:54:50]} Ne4 {[%clk 0:55:22]} 18. Nxe4
{[%clk 0:48:35]} fxe4 {[%clk 0:55:23]} 19. Qxf7+ {[%clk 0:46:15]} Rxf7
{[%clk 0:55:43]} 20. Rab1 {[%clk 0:46:40]} Bd4 {[%clk 0:54:59]} 21. Be3
{[%clk 0:46:56]} h5 {[%clk 0:50:59]} 22. Bf1 {[%clk 0:46:57]} Bf5
{[%clk 0:50:22]} 23. Bg2 {[%clk 0:42:31]} Re8 {[%clk 0:49:33]} 24. h3
{[%clk 0:40:02]} g5 {[%clk 0:47:20]} 25. Re2 {[%clk 0:35:08]} g4 {[%clk 0:45:25]}
26. h4 {[%clk 0:34:53]} b5 {[%clk 0:38:06]} 27. b3 {[%clk 0:34:56]} Rb7
{[%clk 0:34:17]} 28. Rbe1 {[%clk 0:25:33]} bxc4 {[%clk 0:33:23]} 29. bxc4
{[%clk 0:25:59]} Bc3 {[%clk 0:25:16]} 30. Rc1 {[%clk 0:25:31]} Be5
{[%clk 0:25:39]} 31. Bg5 {[%clk 0:22:36]} Rb4 {[%clk 0:16:28]} 32. Bxe4
{[%clk 0:13:23]} Bd4 {[%clk 0:08:48]} 33. Rce1 {[%clk 0:07:58]} Bxe4
{[%clk 0:09:14]} 34. Rxe4 {[%clk 0:08:21]} Rxe4 {[%clk 0:09:27]} 35. Rxe4
{[%clk 0:08:46]} Rxc4 {[%clk 0:06:13]} 36. Be3 {[%clk 0:07:42]} Ra4
{[%clk 0:05:49]} 37. Kf1 {[%clk 0:07:07]} Rxa2 {[%clk 0:05:40]} 38. Bxd4
{[%clk 0:07:29]} cxd4 {[%clk 0:06:07]} 39. Rxd4 {[%clk 0:07:55]} a5
{[%clk 0:05:37]} 40. Ke1 {[%clk 0:05:44]} Kf7 {[%clk 0:04:01]} 41. Rf4+
{[%clk 0:04:27]} Kg6 {[%clk 0:04:13]} 42. Kd1 {[%clk 0:03:37]} a4
{[%clk 0:04:02]} 43. Kc1 {[%clk 0:03:47]} a3 {[%clk 0:04:01]} 44. Kd1
{[%clk 0:02:46]} Rb2 {[%clk 0:03:50]} 45. Kc1 {[%clk 0:03:04]} Re2
{[%clk 0:04:05]} 46. Kb1 {[%clk 0:03:32]} Rd2 {[%clk 0:03:46]} 47. f3
{[%clk 0:03:56]} gxf3 {[%clk 0:03:04]} 48. Rxf3 {[%clk 0:04:23]} a2+
{[%clk 0:03:11]} 49. Ka1 {[%clk 0:04:43]} Rxd5 {[%clk 0:02:04]} 50. Kxa2
{[%clk 0:05:08]} Rb5 {[%clk 0:02:12]} 51. Rf4 {[%clk 0:04:33]} d5
{[%clk 0:01:17]} 52. Ka3 {[%clk 0:04:51]} Rc5 {[%clk 0:01:00]} 53. Kb4
{[%clk 0:04:41]} Rc4+ {[%clk 0:01:05]} 54. Rxc4 {[%clk 0:05:08]} dxc4
{[%clk 0:01:31]} 55. Kxc4 {[%clk 0:05:36]} Kf5 {[%clk 0:01:55]} 56. Kd4
{[%clk 0:05:47]} Kg4 {[%clk 0:02:16]} 57. Ke4 {[%clk 0:05:50]} Kxg3
{[%clk 0:02:39]} 58. Kf5 {[%clk 0:05:49]} Kxh4 {[%clk 0:03:03]} 59. Kf4
{[%clk 0:06:15]} Kh3 {[%clk 0:03:27]} 60. Kf3 {[%clk 0:06:41]} Kh2
{[%clk 0:03:51]} 1/2-1/2

[Event "EYCC 2024 - G18"]
[Site "?"]
[Date "2024.08.26"]
[Round "5.11"]
[White "Manko, Mariia"]
[Black "Zabrzanska, Weronika"]
[Result "1-0"]
[BlackElo "1999"]
[WhiteElo "2159"]
[LiveChessVersion "1.4.8"]

1. d4 {[%clk 1:30:56]} Nf6 {[%clk 1:30:46]} 2. c4 {[%clk 1:31:20]} e6
{[%clk 1:31:09]} 3. g3 {[%clk 1:31:45]} d5 {[%clk 1:31:23]} 4. Bg2
{[%clk 1:32:10]} dxc4 {[%clk 1:31:27]} 5. Nf3 {[%clk 1:32:28]} c6
{[%clk 1:31:30]} 6. O-O {[%clk 1:32:09]} b5 {[%clk 1:30:45]} 7. a4
{[%clk 1:28:31]} Bb7 {[%clk 1:29:10]} 8. b3 {[%clk 1:28:12]} cxb3
{[%clk 1:28:08]} 9. Qxb3 {[%clk 1:28:34]} a6 {[%clk 1:27:48]} 10. Ne5
{[%clk 1:26:21]} Qxd4 {[%clk 1:19:06]} 11. Bb2 {[%clk 1:26:05]} Qb6
{[%clk 1:14:46]} 12. Nd2 {[%clk 1:19:19]} Be7 {[%clk 1:12:10]} 13. Nxf7
{[%clk 1:17:12]} O-O {[%clk 1:04:57]} 14. Ng5 {[%clk 1:11:57]} Nd5
{[%clk 0:49:59]} 15. Nxe6 {[%clk 1:11:04]} Rf7 {[%clk 0:50:00]} 16. a5
{[%clk 1:08:08]} Qa7 {[%clk 0:49:11]} 17. Bxd5 {[%clk 1:08:08]} cxd5
{[%clk 0:49:13]} 18. Bd4 {[%clk 1:08:22]} Bf6 {[%clk 0:39:46]} 19. Bxa7
{[%clk 1:07:50]} Bxa1 {[%clk 0:40:04]} 20. Bb6 {[%clk 1:05:48]} 1-0

[Event "EYCC 2024 - G18"]
[Site "?"]
[Date "2024.08.26"]
[Round "5.12"]
[White "Hoanca, Alexia-Ioana"]
[Black "Sevcikova, Lucia"]
[Result "1-0"]
[BlackElo "2103"]
[WhiteElo "1966"]
[LiveChessVersion "1.4.8"]

1. e4 {[%clk 1:30:59]} c6 {[%clk 1:30:56]} 2. d4 {[%clk 1:31:15]} d5
{[%clk 1:31:22]} 3. e5 {[%clk 1:31:40]} Bf5 {[%clk 1:31:49]} 4. h4
{[%clk 1:32:05]} h5 {[%clk 1:32:15]} 5. Bd3 {[%clk 1:32:31]} Bxd3
{[%clk 1:32:41]} 6. Qxd3 {[%clk 1:32:57]} Qa5+ {[%clk 1:33:06]} 7. Nd2
{[%clk 1:33:08]} e6 {[%clk 1:33:22]} 8. Ngf3 {[%clk 1:33:20]} Qa6
{[%clk 1:32:34]} 9. c4 {[%clk 1:33:19]} Bb4 {[%clk 1:26:25]} 10. b3
{[%clk 1:28:50]} Nd7 {[%clk 1:21:43]} 11. O-O {[%clk 1:25:46]} Ne7
{[%clk 1:19:11]} 12. a4 {[%clk 1:25:24]} c5 {[%clk 1:12:05]} 13. dxc5
{[%clk 1:19:46]} Nxc5 {[%clk 1:10:52]} 14. Qb1 {[%clk 1:17:22]} O-O
{[%clk 1:05:40]} 15. Ba3 {[%clk 1:14:17]} Bxa3 {[%clk 1:00:51]} 16. Rxa3
{[%clk 1:14:38]} dxc4 {[%clk 0:58:26]} 17. b4 {[%clk 1:12:23]} c3
{[%clk 0:53:45]} 18. a5 {[%clk 1:04:56]} b6 {[%clk 0:43:25]} 19. Rxc3
{[%clk 0:50:59]} Nd5 {[%clk 0:41:41]} 20. Ng5 {[%clk 0:45:25]} g6
{[%clk 0:41:17]} 21. Rg3 {[%clk 0:44:07]} Nf4 {[%clk 0:33:04]} 22. bxc5
{[%clk 0:37:21]} Ne2+ {[%clk 0:33:30]} 23. Kh2 {[%clk 0:37:35]} Nxg3
{[%clk 0:33:52]} 24. fxg3 {[%clk 0:38:00]} bxc5 {[%clk 0:31:35]} 25. Rf6
{[%clk 0:34:58]} Rfb8 {[%clk 0:24:25]} 26. Rxg6+ {[%clk 0:34:06]} Kf8
{[%clk 0:24:50]} 27. Rg8+ {[%clk 0:34:26]} 1-0